Diversification through Acquisition Strategies for Creating Economic Value

Enregistré dans:
Détails bibliographiques
Auteur principal: Salter, Malcolm S.
Autres auteurs: Weinhold, Wolf A.
Format: Livre
Langue:anglais
Publié: New York Free Press 1979
Édition:1. ed.
Tags: Ajouter un tag
Pas de tags, Soyez le premier à ajouter un tag!

MARC

LEADER 00000nam a2200000 4500
001 c031790
005 20221220101617.7
041 0 |a eng 
044 |a US 
245 1 0 |a Diversification through Acquisition  |b Strategies for Creating Economic Value  |c Malcolm S. Salter, Wolf A. Weinhold 
250 |a 1. ed. 
264 1 |a New York  |b Free Press  |c 1979 
300 |a 330 s. 
100 1 |a Salter, Malcolm S. 
700 1 |a Weinhold, Wolf A.